[Event "Sindilegis op-A"]
[Site "Sindilegis"]
[Date "2009.11.01"]
[Round "3"]
[White "Nobre, Antonio Daniel"]
[Black "Fortaleza, Silvio Jose"]
[Result "0-1"]
[WhiteElo "2091"]
[BlackElo "1994"]
[PlyCount "82"]
[EventDate "2009.10.31"]
[EventType "swiss"]
[EventRounds "6"]
[EventCountry "BRA"]
[SourceTitle "EXT 2012"]
[Source "ChessBase"]
[SourceDate "2011.11.24"]
[SourceVersion "1"]
[SourceVersionDate "2011.11.24"]
[SourceQuality "1"]

1. d4 d5 2. c4 c6 3. Nc3 e6 4. cxd5 exd5 5. Qc2 Bd6 6. Nf3 Ne7 7. Bg5 f6 8. Bh4 Bf5 9. Qd2 Nd7 10. e3 Nb6 11. b3 Qd7 12. Bg3 Ng6 13. Bd3 Bxd3 14. Qxd3 0-0 15. Bxd6 Qxd6 16. h4 Rfe8 17. Kf1 a5 18. a4 Qb4 19. Ne2 Nc8 20. h5 Nf8 21. g4 Ne6 22. Nh4 Ne7 23. f4 Nf8 24. g5 fxg5 25. fxg5 Ne6 26. Nf3 Rf8 27. Kg2 Nf5 28. Raf1 Qe7 29. e4 dxe4 30. Qxe4 Nf4+ 31. Qxf4 Ne3+ 32. Kg3 Nxf1+ 33. Rxf1 Rxf4 34. Nxf4 Qe3 35. Re1 Qxb3 36. g6 Rf8 37. Re7 Qb4 38. gxh7+ Kxh7 39. Ng5+ Kh6 40. Nf7+ Rxf7 41. Rxf7 Qb3+ 0-1

[Event "Sindilegis op-A"]
[Site "Sindilegis"]
[Date "2009.10.31"]
[Round "2"]
[White "Cardoso, Cicero Assuncao Jr"]
[Black "Nobre, Antonio Daniel"]
[Result "1/2-1/2"]
[WhiteElo "1897"]
[BlackElo "2091"]
[PlyCount "93"]
[EventDate "2009.10.31"]
[EventType "swiss"]
[EventRounds "6"]
[EventCountry "BRA"]
[SourceTitle "EXT 2012"]
[Source "ChessBase"]
[SourceDate "2011.11.24"]
[SourceVersion "1"]
[SourceVersionDate "2011.11.24"]
[SourceQuality "1"]

1. Nf3 Nf6 2. c4 g6 3. b3 Bg7 4. Bb2 d6 5. g3 0-0 6. Bg2 c6 7. 0-0 Be6 8. d3 Qd7 9. Ng5 Na6 10. Nxe6 fxe6 11. Bh3 Nc7 12. Nd2 Qe8 13. Qc2 Rd8 14. e4 e5 15. d4 exd4 16. Bxd4 b6 17. Rac1 e5 18. Be3 Ne6 19. a4 h6 20. a5 c5 21. axb6 axb6 22. Ra1 Nd4 23. Bxd4 exd4 24. Rae1 Nd7 25. f4 Kh8 26. Qd3 Ra8 27. Bxd7 Qxd7 28. e5 dxe5 29. Qxg6 exf4 30. gxf4 Rf6 31. Qe4 Raf8 32. Re2 Qf7 33. Ref2 Re6 34. Qf3 Re3 35. Qg4 h5 36. Qg5 d3 37. f5 Rg8 38. Kh1 Re2 39. Nf3 Bf8 40. Qf4 Rg4 41. Ne5 Qb7+ 42. Qf3 Qxf3+ 43. Nxf3 Rf4 44. Kg2 Rg4+ 45. Kh3 Rf4 46. Kg2 Rg4+ 47. Kh3 1/2-1/2